[Event "Hamburg-chT Landesliga 1920"]
[Site "Hamburg"]
[Date "2020.02.09"]
[Round "6.7"]
[White "Kirsch, Sergius"]
[Black "Oelmeyer, Gerrit"]
[Result "1/2-1/2"]
[WhiteElo "2005"]
[BlackElo "2044"]
[PlyCount "34"]
[EventDate "2019.09.29"]
[EventType "team-tourn"]
[EventRounds "9"]
[EventCountry "GER"]
[SourceTitle "EXT 2021"]
[Source "ChessBase"]
[SourceDate "2020.10.23"]
[SourceVersion "1"]
[SourceVersionDate "2020.10.23"]
[SourceQuality "1"]

1. d4 e6 2. c4 f5 3. Nc3 Nf6 4. e3 Be7 5. Bd3 0-0 6. Nge2 d5 7. 0-0 c6 8. f3 dxc4 9. Bxc4 b5 10. Bb3 Qb6 11. Kh1 c5 12. dxc5 Bxc5 13. e4 fxe4 14. Nxe4 Nxe4 15. fxe4 Rxf1+ 16. Qxf1 Nc6 17. Bd2 Nd4 1/2-1/2

[Event "Hamburg-chT Landesliga 1920"]
[Site "Hamburg"]
[Date "2020.01.19"]
[Round "5.6"]
[White "Schermer, Denis"]
[Black "Kirsch, Sergius"]
[Result "1/2-1/2"]
[WhiteElo "2003"]
[BlackElo "2005"]
[PlyCount "49"]
[EventDate "2019.09.29"]
[EventType "team-tourn"]
[EventRounds "9"]
[EventCountry "GER"]
[SourceTitle "EXT 2021"]
[Source "ChessBase"]
[SourceDate "2020.10.23"]
[SourceVersion "1"]
[SourceVersionDate "2020.10.23"]
[SourceQuality "1"]

1. d4 Nf6 2. Nf3 g6 3. g3 Bg7 4. Bg2 0-0 5. 0-0 d6 6. b3 Nc6 7. Bb2 Nd7 8. c4 e5 9. dxe5 dxe5 10. Qc1 Re8 11. Rd1 f5 12. Nc3 e4 13. Ne1 Nce5 14. Nc2 c6 15. Nd4 Qf6 16. h3 Nc5 17. Qe3 Qf8 18. Ba3 Bh6 19. Bxc5 Qg7 20. Nxf5 gxf5 21. Qd4 e3 22. f4 Qxg3 23. Qxe3 Bxf4 24. Qxg3+ Bxg3 25. Bf2 1/2-1/2

[Event "Hamburg-chT Landesliga 1011"]
[Site "Hamburg"]
[Date "2011.04.16"]
[Round "8.5"]
[White "Kirsch, Sergius"]
[Black "Kirschneck, Erich"]
[Result "1/2-1/2"]
[WhiteElo "1961"]
[BlackElo "2114"]
[PlyCount "111"]
[EventDate "2010.10.10"]
[EventType "team-tourn"]
[EventRounds "9"]
[EventCountry "GER"]
[SourceTitle "EXT 2022"]
[Source "ChessBase"]
[SourceDate "2021.10.06"]
[SourceVersion "1"]
[SourceVersionDate "2021.10.06"]
[SourceQuality "1"]
[WhiteTeam "Hamburger SK IV"]
[BlackTeam "Eimsbuettel Union"]
[WhiteTeamCountry "GER"]
[BlackTeamCountry "GER"]

1. d4 Nf6 2. c4 e6 3. Nc3 Bb4 4. Bg5 h6 5. Bh4 c5 6. d5 e5 7. Qc2 d6 8. e3 Bxc3+ 9. Qxc3 Bf5 10. f3 Nbd7 11. Ne2 g5 12. Bf2 Qb6 13. Ng3 Bg6 14. Be2 0-0-0 15. 0-0 Rde8 16. a3 Nh5 17. Nxh5 Bxh5 18. e4 Bg6 19. b4 f5 20. Bd3 Rhf8 21. Rab1 Qc7 22. Be3 f4 23. Bf2 g4 24. Be2 gxf3 25. Bxf3 Nf6 26. Rfe1 b6 27. bxc5 dxc5 28. a4 Kb7 29. a5 Bh5 30. Bxh5 Nxh5 31. Qf3 Nf6 32. Rb5 Nd7 33. Reb1 Rf6 34. Qa3 a6 35. R5b2 Rc8 36. axb6 Qd6 37. Ra2 Ra8 38. Rb5 Qf8 39. Ra5 Rxb6 40. Ra1 Qd6 41. Bxc5 Nxc5 42. Rxc5 Rg8 43. Ra2 Rb1+ 44. Kf2 Rxg2+ 45. Kxg2 Qg6+ 46. Kf3 Qh5+ 47. Kg2 Qg4+ 48. Kf2 Qg1+ 49. Ke2 Re1+ 50. Kd2 Qf2+ 51. Kc3 Re3+ 52. Kb4 Qe1+ 53. Ka4 Qd1+ 54. Kb4 Qe1+ 55. Ka4 Qd1+ 56. Kb4 1/2-1/2

[Event "Hamburg State-ch U20"]
[Site "Cuxhaven"]
[Date "2005.03.18"]
[Round "11"]
[White "Huschenbeth, Niclas"]
[Black "Kirsch, Sergius"]
[Result "1-0"]
[WhiteElo "2118"]
[BlackElo "1874"]
[PlyCount "87"]
[EventDate "2005.03.05"]
[EventType "tourn"]
[EventRounds "11"]
[EventCountry "GER"]
[SourceTitle "EXT 2007"]
[Source "ChessBase"]
[SourceDate "2006.11.23"]
[SourceVersion "1"]
[SourceVersionDate "2006.11.23"]
[SourceQuality "1"]

1. e4 c5 2. Nc3 Nc6 3. Nf3 e5 4. Bc4 d6 5. d3 Be7 6. Nd2 Nf6 7. Nf1 Bg4 8. f3 Be6 9. Ne3 0-0 10. 0-0 Nd4 11. g3 Ne8 12. f4 Bh3 13. Ng2 exf4 14. gxf4 Qd7 15. Rf2 Nf6 16. Nd5 Ng4 17. Rf1 b5 18. c3 bxc4 19. cxd4 cxd3 20. Qxd3 Bxg2 21. Kxg2 cxd4 22. Qxd4 Nf6 23. Be3 Nxd5 24. Qxd5 Bf6 25. Rf2 Bh4 26. Rff1 Bf6 27. Bd4 Bxd4 28. Qxd4 Rfc8 29. Rf2 Rc7 30. Rd1 Rd8 31. h3 Qe6 32. Qd5 Rc4 33. e5 Qg6+ 34. Kf1 Rc2 35. exd6 Rxf2+ 36. Kxf2 Qf6 37. Qe5 Qh4+ 38. Kg2 Re8 39. Rd2 h6 40. d7 Rd8 41. Qe8+ Kh7 42. Qxf7 Qe1 43. Qd5 Qe3 44. Qd3+ 1-0

[Event "Dresden ZMD op"]
[Site "Dresden"]
[Date "2004.07.22"]
[Round "8"]
[White "Khazankin, Moisey"]
[Black "Kirsch, Sergius"]
[Result "1-0"]
[WhiteElo "2122"]
[BlackElo "1860"]
[PlyCount "79"]
[EventDate "2004.07.15"]
[EventType "tourn"]
[EventRounds "9"]
[EventCountry "GER"]
[SourceTitle "EXT 2006"]
[Source "ChessBase"]
[SourceDate "2005.11.24"]
[SourceVersion "1"]
[SourceVersionDate "2005.11.24"]
[SourceQuality "1"]

1. e4 c5 2. Nc3 Nc6 3. Bb5 g6 4. Nf3 Bg7 5. 0-0 Nd4 6. Bc4 d6 7. Nxd4 cxd4 8. Qf3 Nf6 9. Nd5 0-0 10. Nxf6+ Bxf6 11. d3 Bg7 12. Qg3 Kh8 13. Qh4 e6 14. Bg5 Qb6 15. Bf6 Qxb2 16. Rab1 Qxc2 17. Qh6 Rg8 18. Bxg7+ Rxg7 19. Qg5 d5 20. Qd8+ Rg8 21. Qf6+ Rg7 22. exd5 exd5 23. Bxd5 Qc5 24. Bxb7 Bxb7 25. Rxb7 Qd5 26. Rfb1 h6 27. a4 Kh7 28. h3 g5 29. R1b5 Qa2 30. Qxd4 Re8 31. Rb1 Qd2 32. Rxa7 g4 33. hxg4 h5 34. gxh5 Qg5 35. g3 Qxh5 36. Qf4 Reg8 37. Kg2 Rg4 38. Rxf7+ Kh8 39. Qf6+ R8g7 40. Rh1 1-0

[Event "Dresden ZMD op"]
[Site "Dresden"]
[Date "2004.07.15"]
[Round "1"]
[White "Kirsch, Sergius"]
[Black "Gershon, Alik"]
[Result "0-1"]
[WhiteElo "1860"]
[BlackElo "2518"]
[PlyCount "78"]
[EventDate "2004.07.15"]
[EventType "tourn"]
[EventRounds "9"]
[EventCountry "GER"]
[SourceTitle "EXT 2006"]
[Source "ChessBase"]
[SourceDate "2005.11.24"]
[SourceVersion "1"]
[SourceVersionDate "2005.11.24"]
[SourceQuality "1"]

1. d4 Nf6 2. c4 e6 3. Nc3 Bb4 4. Bg5 h6 5. Bh4 c5 6. d5 Bxc3+ 7. bxc3 d6 8. e3 Qe7 9. Be2 Nbd7 10. Qc2 e5 11. f3 g5 12. Bg3 e4 13. f4 Rg8 14. Nh3 Nf8 15. fxg5 hxg5 16. Nf2 Ng6 17. h3 Nh4 18. Bxh4 gxh4 19. Rg1 Qe5 20. 0-0-0 Bd7 21. Rdf1 Rg3 22. Nd1 Qg5 23. Rf4 Rxe3 24. Rgf1 Rf3 25. Qd2 Rxf1 26. Bxf1 Ke7 27. Kb2 Ba4 28. Nf2 Qe5 29. Qe3 Rg8 30. Rxh4 Rg3 31. Qe1 e3 32. Nd3 Qg5 33. Rf4 Bd7 34. h4 Qg7 35. Nf2 Nh5 36. Re4+ Kd8 37. Rxe3 Nf4 38. Rxg3 Qxg3 39. Qe4 Qxf2+ 0-1